Monumentos de la Ciudad de Buenos Aires - Estadísticas

Estadísticas generales
  • Esta prueba ha sido intentada 70 veces
  • La puntuación promedio es 67 de 81
Estadísticas de respuestas
Pregunta Azulejo Select % Correcto
Indicá cuál de los siguientes sitios de interés se encuentra en Palermo No
94%
Indicá cuál de los siguientes sitios de interés se encuentra en Palermo No
94%
Indicá cuál de los siguientes sitios de interés se encuentra en La Boca No
94%
Indicá cuál de los siguientes sitios de interés se encuentra en La Boca No
94%
Indicá cuál de los siguientes sitios de interés se encuentra en La Boca No
94%
Indicá cuál de los siguientes sitios de interés se encuentra en La Boca No
94%
Indicá cuál de los siguientes sitios de interés se encuentra en La Boca No
94%
Indicá cuál de los siguientes sitios de interés se encuentra en La Boca No
94%
Indicá cuál de los siguientes sitios de interés se encuentra en La Boca No
94%
Indicá cuál de los siguientes sitios de interés se encuentra en Palermo No
93%
Indicá cuál de los siguientes sitios de interés se encuentra en Palermo No
93%
Indicá cuál de los siguientes sitios de interés se encuentra en Palermo No
93%
Indicá cuál de los siguientes sitios de interés se encuentra en Puerto Madero No
93%
Indicá cuál de los siguientes sitios de interés se encuentra en Puerto Madero No
93%
Indicá cuál de los siguientes sitios de interés se encuentra en Puerto Madero No
93%
Indicá cuál de los siguientes sitios de interés se encuentra en Puerto Madero No
93%
Indicá cuál de los siguientes sitios de interés se encuentra en Puerto Madero No
93%
Indicá cuál de los siguientes sitios de interés se encuentra en Puerto Madero No
93%
Indicá cuál de los siguientes sitios de interés se encuentra en Retiro No
93%
Indicá cuál de los siguientes sitios de interés se encuentra en La Boca No
93%
Indicá cuál de los siguientes sitios de interés se encuentra en La Boca
93%
Indicá cuál de los siguientes sitios de interés se encuentra en Puerto Madero No
91%
Indicá cuál de los siguientes sitios de interés se encuentra en Recoleta No
91%
Indicá cuál de los siguientes sitios de interés se encuentra en Recoleta No
91%
Indicá cuál de los siguientes sitios de interés se encuentra en Retiro No
91%
Indicá cuál de los siguientes sitios de interés se encuentra en Retiro No
91%
Indicá cuál de los siguientes sitios de interés se encuentra en Retiro No
91%
Indicá cuál de los siguientes sitios de interés se encuentra en Palermo No
90%
Indicá cuál de los siguientes sitios de interés se encuentra en Recoleta No
90%
Indicá cuál de los siguientes sitios de interés se encuentra en Recoleta No
90%
Indicá cuál de los siguientes sitios de interés se encuentra en Retiro No
90%
Indicá cuál de los siguientes sitios de interés se encuentra en Retiro No
90%
Indicá cuál de los siguientes sitios de interés se encuentra en San Nicolás No
89%
Indicá cuál de los siguientes sitios de interés se encuentra en San Nicolás No
89%
Indicá cuál de los siguientes sitios de interés se encuentra en San Nicolás No
89%
Indicá cuál de los siguientes sitios de interés se encuentra en San Nicolás No
89%
Indicá cuál de los siguientes sitios de interés se encuentra en Puerto Madero
89%
Indicá cuál de los siguientes sitios de interés se encuentra en Puerto Madero No
89%
Indicá cuál de los siguientes sitios de interés se encuentra en Recoleta No
87%
Indicá cuál de los siguientes sitios de interés se encuentra en Retiro No
87%
Indicá cuál de los siguientes sitios de interés se encuentra en San Nicolás No
84%
Indicá cuál de los siguientes sitios de interés se encuentra en Recoleta No
84%
Indicá cuál de los siguientes sitios de interés se encuentra en San Telmo No
84%
Indicá cuál de los siguientes sitios de interés se encuentra en Constitución No
84%
Indicá cuál de los siguientes sitios de interés se encuentra en Constitución No
84%
Indicá cuál de los siguientes sitios de interés se encuentra en Recoleta No
83%
Indicá cuál de los siguientes sitios de interés se encuentra en San Telmo No
83%
Indicá cuál de los siguientes sitios de interés se encuentra en Constitución No
83%
Indicá cuál de los siguientes sitios de interés se encuentra en San Nicolás No
81%
Indicá cuál de los siguientes sitios de interés se encuentra en Monserrat No
81%
Indicá cuál de los siguientes sitios de interés se encuentra en Monserrat No
81%
Indicá cuál de los siguientes sitios de interés se encuentra en Monserrat No
81%
Indicá cuál de los siguientes sitios de interés se encuentra en Recoleta No
81%
Indicá cuál de los siguientes sitios de interés se encuentra en San Telmo No
81%
Indicá cuál de los siguientes sitios de interés se encuentra en Constitución No
81%
Indicá cuál de los siguientes sitios de interés se encuentra en Palermo No
80%
Indicá cuál de los siguientes sitios de interés se encuentra en San Nicolás No
80%
Indicá cuál de los siguientes sitios de interés se encuentra en San Telmo No
80%
Indicá cuál de los siguientes sitios de interés se encuentra en Constitución No
80%
Indicá cuál de los siguientes sitios de interés se encuentra en Monserrat No
79%
Indicá cuál de los siguientes sitios de interés se encuentra en San Telmo No
79%
Indicá cuál de los siguientes sitios de interés se encuentra en Constitución No
79%
Indicá cuál de los siguientes sitios de interés se encuentra en Monserrat No
77%
Indicá cuál de los siguientes sitios de interés se encuentra en San Telmo No
77%
Indicá cuál de los siguientes sitios de interés se encuentra en Constitución No
77%
Indicá cuál de los siguientes sitios de interés se encuentra en Retiro No
76%
Indicá cuál de los siguientes sitios de interés se encuentra en San Telmo No
74%
Indicá cuál de los siguientes sitios de interés se encuentra en Monserrat No
73%
Indicá cuál de los siguientes sitios de interés se encuentra en Constitución No
71%
Indicá cuál de los siguientes sitios de interés se encuentra en Monserrat No
70%
Indicá cuál de los siguientes sitios de interés se encuentra en San Nicolás No
69%
Indicá cuál de los siguientes sitios de interés se encuentra en San Telmo No
67%
Indicá cuál de los siguientes sitios de interés se encuentra en Monserrat No
66%
Indicá cuál de los siguientes sitios de interés se encuentra en Palermo
64%
Indicá cuál de los siguientes sitios de interés se encuentra en Palermo No
64%
Indicá cuál de los siguientes sitios de interés se encuentra en Retiro
61%
Indicá cuál de los siguientes sitios de interés se encuentra en Recoleta
60%
Indicá cuál de los siguientes sitios de interés se encuentra en Constitución
51%
Indicá cuál de los siguientes sitios de interés se encuentra en San Nicolás
47%
Indicá cuál de los siguientes sitios de interés se encuentra en Monserrat
41%
Indicá cuál de los siguientes sitios de interés se encuentra en San Telmo
40%
No se encontraron pruebas coincidentes
Distribución de puntuación
Porcentaje de gente con cada puntuación
Porcentaje por número respondido
Historial de tus puntuaciones
No has intentado esta prueba.